<?xml version="1.0" encoding="UTF-8"?><?xml-stylesheet type="text/xsl" href="static/style.xsl"?><OAI-PMH xmlns="http://www.openarchives.org/OAI/2.0/" xmlns:xsi="http://www.w3.org/2001/XMLSchema-instance" xsi:schemaLocation="http://www.openarchives.org/OAI/2.0/ http://www.openarchives.org/OAI/2.0/OAI-PMH.xsd"><responseDate>2026-04-28T21:14:47Z</responseDate><request verb="GetRecord" identifier="oai:uvadoc.uva.es:10324/73009" metadataPrefix="marc">https://uvadoc.uva.es/oai/request</request><GetRecord><record><header><identifier>oai:uvadoc.uva.es:10324/73009</identifier><datestamp>2025-01-13T11:56:06Z</datestamp><setSpec>com_10324_1145</setSpec><setSpec>com_10324_931</setSpec><setSpec>com_10324_894</setSpec><setSpec>col_10324_1254</setSpec></header><metadata><record xmlns="http://www.loc.gov/MARC21/slim" xmlns:doc="http://www.lyncode.com/xoai" xmlns:xsi="http://www.w3.org/2001/XMLSchema-instance" xmlns:dcterms="http://purl.org/dc/terms/" xsi:schemaLocation="http://www.loc.gov/MARC21/slim http://www.loc.gov/standards/marcxml/schema/MARC21slim.xsd">
<leader>00925njm 22002777a 4500</leader>
<datafield tag="042" ind1=" " ind2=" ">
<subfield code="a">dc</subfield>
</datafield>
<datafield tag="720" ind1=" " ind2=" ">
<subfield code="a">Aparicio Gervas, Jesús María</subfield>
<subfield code="e">author</subfield>
</datafield>
<datafield tag="720" ind1=" " ind2=" ">
<subfield code="a">León Guerrero, María Montserrat</subfield>
<subfield code="e">author</subfield>
</datafield>
<datafield tag="260" ind1=" " ind2=" ">
<subfield code="c">2022</subfield>
</datafield>
<datafield tag="520" ind1=" " ind2=" ">
<subfield code="a">La Agenda 2030 para el Desarrollo Sostenible promueve una sociedad inclusiva. Por eso debemos iniciar este proceso de convivencia intercultural desde la etapa de Educación Infantil. A través del eje central del cuento infantil y utilizando la música como recurso didáctico motivador, sustentaremos la acción docente en tres ejes de categorías: comunicación, imagen y sonido. Metodológicamente, se propone desde una perspectiva cualitativa y cuantitativa, a través del método etnográfico. El contexto se circunscribe a un centro educativo con un alumnado vulnerable. Los resultados han permitido superar prejuicios y estereotipos y construir espacios de inclusión escolar.</subfield>
</datafield>
<datafield tag="024" ind2=" " ind1="8">
<subfield code="a">HUMAN Review, 2022, vol. 12, n. 1, p. 2-13</subfield>
</datafield>
<datafield tag="024" ind2=" " ind1="8">
<subfield code="a">ISSN 2695-9623</subfield>
</datafield>
<datafield tag="024" ind2=" " ind1="8">
<subfield code="a">https://uvadoc.uva.es/handle/10324/73009</subfield>
</datafield>
<datafield tag="024" ind2=" " ind1="8">
<subfield code="a">10.37467/revhuman.v11.3902</subfield>
</datafield>
<datafield tag="024" ind2=" " ind1="8">
<subfield code="a">1</subfield>
</datafield>
<datafield tag="024" ind2=" " ind1="8">
<subfield code="a">Monográfico</subfield>
</datafield>
<datafield tag="024" ind2=" " ind1="8">
<subfield code="a">13</subfield>
</datafield>
<datafield tag="024" ind2=" " ind1="8">
<subfield code="a">HUMAN REVIEW. International Humanities Review / Revista Internacional de Humanidades</subfield>
</datafield>
<datafield tag="024" ind2=" " ind1="8">
<subfield code="a">11</subfield>
</datafield>
<datafield tag="024" ind2=" " ind1="8">
<subfield code="a">2695-9623</subfield>
</datafield>
<datafield ind1=" " ind2=" " tag="653">
<subfield code="a">Educación</subfield>
</datafield>
<datafield ind1=" " ind2=" " tag="653">
<subfield code="a">Interculturalidad</subfield>
</datafield>
<datafield ind1=" " ind2=" " tag="653">
<subfield code="a">Antropología</subfield>
</datafield>
<datafield ind1=" " ind2=" " tag="653">
<subfield code="a">Innovación</subfield>
</datafield>
<datafield ind1=" " ind2=" " tag="653">
<subfield code="a">Didáctica</subfield>
</datafield>
<datafield tag="245" ind1="0" ind2="0">
<subfield code="a">Educación intercultural como estrategia de innovación docente en educación infantil</subfield>
</datafield>
</record></metadata></record></GetRecord></OAI-PMH>